00000000nam##2200000za#4500
0019.641583
003CaOODSP
00520210624223305
007cr |||||||||||
008150407|1966||||xxc|||||o    f|0| 0 fre|d
040 |aCaOODSP|bfre
043 |an-cn---
0861 |aA53-1103/1966F-PDF
1101 |aCanada.|bAgriculture Canada. |bDirection générale de recherche.
24510|aEnracinement des boutures en couches par nébulisation / |h[ressource électronique]|c[par] Stuart H. Nelson.
260 |aOttawa - Ontario : |bAgriculture Canada. |c1966.
300 |a16p.|bill., photographies
500 |aPublication historique numérisée par Agriculture et Agroalimentaire Canada.
590 |a13-17-Supp|b2013-07-25
69107|aPlante|2gcpds
69107|aHorticulture|2gcpds
69107|aIrrigation|2gcpds
77508|tMist beds for rooting cuttings / |w(CaOODSP)9.698222
85640|ahttp://publications.gc.ca|qPDF|s1.15 Mo|uhttps://publications.gc.ca/collections/collection_2013/aac-aafc/agrhist/A53-1103-1966-fra.pdf
986 |a1103